|
|
|
|
| LEADER |
00000csc a2200000 a 4500 |
| 001 |
91807 |
| 005 |
20231109083743.0 |
| 008 |
000000|1950 ||||||||r|||||||||||spa|| |
| 040 |
|
|
|b spa
|
| 041 |
1 |
|
|a spa
|
| 082 |
0 |
|
|a 345
|
| 100 |
1 |
|
|a Jiménez de Asúa, Luis.
|d 1889-1970
|9 42480
|
| 245 |
|
|
|a Tratado de derecho penal
|c Luis Jiménez de Asúa
|h imp
|n tomo 1
|
| 264 |
|
|
|a Buenos Aires
|b Losada
|c 1950
|
| 300 |
|
|
|a 1129 páginas:
|c 23,5 cm
|
| 520 |
3 |
|
|a "Concepto de derecho penal y de la criminología, historia y legislación penal comparada"
|
| 650 |
|
|
|a Derecho penal
|9 9222
|
| 650 |
|
|
|a Criminologia
|
| 650 |
|
|
|a Derecho penal historia
|
| 650 |
|
|
|a Legislacion penal
|9 42482
|
| 852 |
|
|
|a UC-CDJBV
|c ESTANTERIA CERRADA
|f Compra
|k mariana.feican
|l 1
|m General
|p 00000000
|r 2
|t 91807
|b 0
|d CDRC
|e CDRC
|g 345 ESTANTERIA CERRADA
|z 0000-00-00
|
| 942 |
|
|
|
| 999 |
|
|
|c 130273
|d 130273
|